000 00557nam a2200169Ia 4500
999 _c21358
_d21358
003 OSt
005 20200615103236.0
008 190216s9999||||xx |||||||||||||| ||und||
020 _a9788187358268
040 _coclc
082 _a305.42095483
_bMUK/E
100 _aMukhopadhyay, Swapna
_92869
245 4 _aThe Enigma Of The Kerala Woman:
_bA Failed Promise Of Literacy /
_cSwapna Mukhopadhyay
260 _bSocial Science Press,
_c2008.
_a New Delhi:
300 _a189p
942 _cBK
_2ddc
_h305.42095483
_iMUK/E
_k305.42095483
_mMUK/E